Polscy piłkarze, którzy zdobili Ligę Mistrzów UEFA - Statystyki

Ogólne statystyki
  • Ten quiz został rozwiązany 96 razy
  • Średni wynik to 4 z 5
Statystyki odpowiedzi
Klub Sezon Odpowiedź % Poprawnych
Liverpool 2004/2005 Jerzy Dudek
99%
Bayern Monachium 2019/2020 Robert Lewandowski
93%
Juventus 1984/1985 Zbigniew Boniek
91%
Manchester United 2007/2008 Tomasz Kuszczak
69%
FC Porto 1986/1987 Józef Młynarczyk
61%
Nie znaleziono quizów pasujących do podanych kryteriów
Rozkład punktacji
Procent ludzi z każdym wynikiem
Percentyl według liczby udzielonych odpowiedzi
Twoja historia wyników
Nie rozwiązałeś tego quizu